000 00438nam a22001577a 4500
003 OSt
008 260423b |||||||| |||| 00| 0 eng d
082 _a634.421
_bY-1I
100 _aYadav, Yadunandan Prasad
245 _aEffect of Nitrogen on Growth, Fruiting and Qualityy of Guava (Pisidium Gunjana L.)
260 _aPusa, Samastipur
_bRAU
_c1987
300 _a53P.
502 _bMsc.
_d1987
650 _aHorticulture
942 _2ddc
_cT
999 _c50156
_d50156